Wenn der Kuckuck ruft : ein aufregender Sommer im Wald und am Bach /

Hlavní autor: Moric, Rudo, 1921-1985
Další autoři: Albrecht, Gertrude, Naumann, Margot
Jazyk: Němčina
Vydáno: Würzburg : Arena-Verlag, 1967
Vydání: 1. Auflage
Fyzický popis: 44 s. : barev il. 8°
Knihy
Uloženo v:
LEADER 00942nam a22002652a 4500
001 001765372
003 CZ BrMZK
005 20200827125218.0
007 ta
008 200827s1967 gw er|||||||||||ger d
040 |a BOA001  |b cze  |e aacr2 
041 1 |a ger  |h slo 
100 1 |a Moric, Rudo,  |d 1921-1985  |7 jo20000074109  |4 aut 
245 1 0 |a Wenn der Kuckuck ruft :  |b ein aufregender Sommer im Wald und am Bach /  |c Rudo Moric ; die deutsche Fassung Kukučia rozprávka besorgten Gertrude Albrecht und Margot Naumann 
250 |a 1. Auflage 
260 |a Würzburg :  |b Arena-Verlag,  |c 1967 
300 |a 44 s. :  |b barev il.  |c 8° 
500 |a Přeloženo ze slovenštiny 
700 1 |a Albrecht, Gertrude  |4 trl 
700 1 |a Naumann, Margot  |4 trl 
765 0 |t Kukučia rozprávka  |9 Německy 
910 |a BOA001  |b 3-0587.517 
990 |a BK 
991 |b 202008 
996 7 |b 2618894599  |c 3-0587.517  |l MZK  |r Sklad / do 1 hodiny  |n 0  |w 001821285  |u 000010  |a 1  |e BOA001  |j MZK50  |s A